[Event "2021 FIDE Online Olympiad"]
[Site "Chess.com"]
[Date "2021.09.04"]
[Round "7"]
[Board "1"]
[White "O`Donnell, Conor"]
[Black "Zhao, Zong-Yuan"]
[Result "0-1"]
[WhiteElo "2184"]
[BlackElo "2525"]
[PlyCount "114"]
[EventDate "2021.09.02"]
[EventType "team"]
[EventRounds "9"]
[EventCountry "FID"]
[WhiteTeam "Ireland"]
[BlackTeam "Australia"]

1. d4  Nf6  2. c4  e6  3. Nc3  Bb4  4. Qc2  c5  5. dxc5  O-O  6. Nf3  Na6  7. g3  Nxc5  8. Bg2  b6  9. O-O  Bb7  10. Nb5  Be4  11. Qd1  Nb7  12. Bf4  a6  13. Nd6  Nxd6  14. Bxd6  Bxd6  15. Qxd6  Rc8  16. Ne5  b5  17. cxb5  Bxg2  18. Kxg2  axb5  19. Rac1  Rxc1  20. Rxc1  Qa8+  21. f3  Qxa2  22. Rc2  Qa7  23. Rd2  h6  24. Nxd7  Nxd7  25. Qxd7  Qxd7  26. Rxd7  Rc8  27. Rd2  Rc4  28. e4  g5  29. g4  Kg7  30. Kf2  Kf6  31. Ke3  Rb4  32. Rc2  Rb3+  33. Kf2  Ke5  34. Kg3  b4  35. h3  Kd4  36. Rc7  Rxb2  37. Rxf7  b3  38. Re7  Rb1  39. Rb7  e5  40. Kg2  Ke3  41. Rb6  Rb2+  42. Kg3  Rb1  43. Kg2  Kd2  44. Rxh6  Rd1  45. Rb6  Kc2  46. Rc6+  Kd2  47. Rb6  Kc2  48. Rc6+  Kb1  49. Rb6  b2  50. h4  gxh4  51. Kh3  Rd3  52. Kxh4  Rxf3  53. g5  Rf4+  54. Kh5  Rxe4  55. g6  Re2  56. Kg5  Kc1  57. g7  b1=Q   0-1

[Event "2021 FIDE Online Olympiad"]
[Site "Chess.com"]
[Date "2021.09.04"]
[Round "7"]
[Board "2"]
[White "Ly, Moulthun"]
[Black "Jessel, Stephen"]
[Result "1-0"]
[WhiteElo "2502"]
[BlackElo "2294"]
[PlyCount "61"]
[EventDate "2021.09.02"]
[EventType "team"]
[EventRounds "9"]
[EventCountry "FID"]
[WhiteTeam "Australia"]
[BlackTeam "Ireland"]

1. e4  e6  2. d4  d5  3. e5  c5  4. Qg4  Qa5+  5. Nd2  Nc6  6. Nf3  Nh6  7. Qf4  Bd7  8. dxc5  Bxc5  9. Bd3  Nb4  10. O-O  Nxd3  11. cxd3  Qa4  12. Nb3  Be7  13. Nbd4  O-O  14. b3  Qa6  15. Rd1  Rac8  16. h3  f5  17. exf6  Rxf6  18. Qg3  Rg6  19. Qh2  Nf7  20. Bf4  Rc3  21. h4  Ba3  22. h5  Rf6  23. Ne5  Be8  24. Ng4  Be7  25. Qg3  Rxf4  26. Qxf4  Rxd3  27. Rxd3  Qxd3  28. Nxe6  Nd6  29. Re1  Qf5  30. Qd4  Bf7  31. Qxg7#   1-0

[Event "2021 FIDE Online Olympiad"]
[Site "Chess.com"]
[Date "2021.09.04"]
[Round "7"]
[Board "3"]
[White "Gelip, Ioana"]
[Black "Ryjanova, Julia"]
[Result "0-1"]
[WhiteElo "2096"]
[BlackElo "2242"]
[PlyCount "84"]
[EventDate "2021.09.02"]
[EventType "team"]
[EventRounds "9"]
[EventCountry "FID"]
[WhiteTeam "Ireland"]
[BlackTeam "Australia"]

1. e4  c6  2. Nc3  d5  3. Nf3  Bg4  4. exd5  cxd5  5. h3  Bxf3  6. Qxf3  Nf6  7. b3  e6  8. Bb2  Nc6  9. g4  a6  10. Bg2  Bd6  11. O-O  O-O  12. Ne2  Rc8  13. Ng3  Ne5  14. Qe3  Ng6  15. g5  Bf4  16. Qa7  Bxg5  17. Qxb7  Rxc2  18. Ba3  Qc8  19. Qa7  Re8  20. Bb4  Nf4  21. Bc3  Nxg2  22. Kxg2  Bxd2  23. Bxd2  Rxd2  24. Rac1  Qa8  25. Qb6  Rxa2  26. Rc7  Rf8  27. Rfc1  h6  28. Ra7  Qb8  29. Qe3  Rb2  30. Rcc7  Qxb3  31. Qc5  Qb6  32. Qxb6  Rxb6  33. Ne2  Ne4  34. Nd4  Rb2  35. Rxa6  Rxf2+  36. Kg1  Rf6  37. Raa7  Ng5  38. Nc6  Nxh3+  39. Kh2  Ng5  40. Ne5  Rf5  41. Nd7  Rd8  42. Kh1  d4   0-1

[Event "2021 FIDE Online Olympiad"]
[Site "Chess.com"]
[Date "2021.09.04"]
[Round "7"]
[Board "4"]
[White "Zhang, Jilin"]
[Black "Kanyamarala, Trisha"]
[Result "0-1"]
[WhiteElo "2246"]
[BlackElo "1811"]
[PlyCount "96"]
[EventDate "2021.09.02"]
[EventType "team"]
[EventRounds "9"]
[EventCountry "FID"]
[WhiteTeam "Australia"]
[BlackTeam "Ireland"]

1. e4  c5  2. Nf3  d6  3. d4  cxd4  4. Nxd4  Nf6  5. Nc3  Nc6  6. Bg5  e6  7. Qd2  a6  8. O-O-O  Bd7  9. f4  b5  10. Bxf6  gxf6  11. Nxc6  Bxc6  12. Qe1  Be7  13. Bd3  Qb6  14. f5  b4  15. Ne2  e5  16. Ng3  h5  17. Nf1  a5  18. Ne3  a4  19. Nc4  Qb7  20. Kb1  a3  21. b3  Rg8  22. Qe2  Qa7  23. g3  Rg4  24. Rhe1  Rc8  25. Qe3  Qc7  26. Qd2  Rb8  27. Qh6  Rg5  28. h4  Rxg3  29. Qh8+  Kd7  30. Qxh5  Rf8  31. Qe2  Kc8  32. Qd2  Rfg8  33. Ne3  Qb6  34. Nc4  Qc5  35. Bf1  Kc7  36. Bd3  Rg2  37. Re2  R2g3  38. h5  Bb5  39. Ne3  Bc6  40. h6  Rh3  41. Bc4  Rh8  42. Bd5  Bb5  43. Rh2  R8xh6  44. Rxh3  Rxh3  45. Re1  Rh2  46. Qxh2  Qc3  47. Kc1  Qxe1+  48. Nd1  Be2   0-1

[Event "2021 FIDE Online Olympiad"]
[Site "Chess.com"]
[Date "2021.09.04"]
[Round "7"]
[Board "5"]
[White "Kanyamarala, Tarun"]
[Black "Winkelman, Albert"]
[Result "1/2-1/2"]
[WhiteElo "2018"]
[BlackElo "2257"]
[PlyCount "58"]
[EventDate "2021.09.02"]
[EventType "team"]
[EventRounds "9"]
[EventCountry "FID"]
[WhiteTeam "Ireland"]
[BlackTeam "Australia"]

1. e4  e5  2. Nf3  Nc6  3. Bc4  Nf6  4. d3  h6  5. O-O  d6  6. Nc3  g5  7. Nd5  g4  8. Nd2  Nxd5  9. Bxd5  Qh4  10. f4  Be6  11. f5  Bxd5  12. exd5  Nb4  13. Ne4  Nxd5  14. g3  Qe7  15. f6  Qd7  16. a4  O-O-O  17. Bd2  c6  18. Qe2  h5  19. b4  Bh6  20. Bxh6  Rxh6  21. c4  Nc7  22. Qe3  Rdh8  23. Qxa7  h4  24. c5  dxc5  25. Nxc5  Qd4+  26. Kg2  Qd5+  27. Kg1  Qd4+  28. Kg2  Qd5+  29. Kg1  Qd4+   1/2-1/2

[Event "2021 FIDE Online Olympiad"]
[Site "Chess.com"]
[Date "2021.09.04"]
[Round "7"]
[Board "6"]
[White "Middleton, Jody"]
[Black "Putar, Lara"]
[Result "1-0"]
[WhiteElo "1850"]
[BlackElo "1516"]
[PlyCount "83"]
[EventDate "2021.09.02"]
[EventType "team"]
[EventRounds "9"]
[EventCountry "FID"]
[WhiteTeam "Australia"]
[BlackTeam "Ireland"]

1. d4  Nf6  2. c4  g6  3. g3  d5  4. cxd5  Nxd5  5. Bg2  Bg7  6. Nf3  O-O  7. O-O  Nb6  8. Nc3  c6  9. e4  N8d7  10. Rb1  Re8  11. Nh4  Nf6  12. f4  Ng4  13. e5  Nd5  14. Nxd5  cxd5  15. f5  Nh6  16. fxg6  hxg6  17. Bxh6  Bxh6  18. Qf3  Be6  19. Bh3  Qb6  20. Rf2  Rf8  21. Bxe6  Qxe6  22. Rbf1  Rac8  23. Qb3  Rc4  24. Nf3  Qg4  25. Kg2  Qe4  26. Re1  Qg4  27. Qxb7  Qe6  28. Qxa7  Rfc8  29. Ree2  Kg7  30. Qa3  Rh8  31. Qd3  Bc1  32. Nh4  Bg5  33. Nf3  Bc1  34. h4  g5  35. Rf1  gxh4  36. Nxh4  Qg4  37. Rh1  Rxd4  38. Nf5+  Kg8  39. Rxh8+  Kxh8  40. Nxd4  Bf4  41. Qf3  Qxf3+  42. Kxf3   1-0

[Event "2021 FIDE Online Olympiad"]
[Site "Chess.com"]
[Date "2021.09.04"]
[Round "7"]
[Board "1"]
[White "Abdyjapar, Asyl"]
[Black "Bersamina, Paulo"]
[Result "0-1"]
[WhiteElo "2390"]
[BlackElo "2286"]
[PlyCount "68"]
[EventDate "2021.09.02"]
[EventType "team"]
[EventRounds "9"]
[EventCountry "FID"]
[WhiteTeam "Kyrgyzstan"]
[BlackTeam "Philippines"]

1. d4  Nf6  2. c4  g6  3. Nc3  Bg7  4. e4  d6  5. f4  O-O  6. Nf3  e5  7. dxe5  dxe5  8. Qxd8  Rxd8  9. Nxe5  b6  10. Be3  Na6  11. Nc6  Re8  12. e5  Ng4  13. Bg1  Bb7  14. Nd4  f6  15. O-O-O  fxe5  16. fxe5  Rxe5  17. Nc2  Rf8  18. Bd4  Nf2  19. Bxe5  Bxe5  20. c5  Nxc5  21. Bc4+  Kg7  22. Rhe1  Bf4+  23. Kb1  Nxd1  24. Nxd1  Bxg2  25. Re7+  Kh6  26. b4  Ne4  27. Nce3  Nd2+  28. Kc2  Nxc4  29. Nxg2  Bd6  30. Re4  b5  31. a4  a6  32. axb5  axb5  33. Nde3  Nxe3+  34. Nxe3  Rf4   0-1

[Event "2021 FIDE Online Olympiad"]
[Site "Chess.com"]
[Date "2021.09.04"]
[Round "7"]
[Board "2"]
[White "Garcia, Jan Emmanuel"]
[Black "Zhakshylykov, Erzhan"]
[Result "1-0"]
[WhiteElo "2350"]
[BlackElo "1929"]
[PlyCount "125"]
[EventDate "2021.09.02"]
[EventType "team"]
[EventRounds "9"]
[EventCountry "FID"]
[WhiteTeam "Philippines"]
[BlackTeam "Kyrgyzstan"]

1. Nf3  Nf6  2. c4  g6  3. g3  Bg7  4. d4  O-O  5. Bg2  d5  6. cxd5  Nxd5  7. O-O  c5  8. e4  Nf6  9. e5  Nd5  10. dxc5  Nc6  11. Qa4  Ndb4  12. Rd1  Qa5  13. Qxa5  Nxa5  14. Na3  Nac6  15. Bf4  Bg4  16. h3  Bxf3  17. Bxf3  Bxe5  18. Bxe5  Nxe5  19. Bxb7  Rab8  20. Be4  Na6  21. Rac1  Rxb2  22. f4  Rxa2  23. Nb1  Ra4  24. Bc2  Ra5  25. fxe5  Nxc5  26. Nd2  Ra3  27. Kf2  Rd8  28. Nb1  Rxd1  29. Rxd1  Ra2  30. Rd2  e6  31. Ke3  Ra5  32. Nc3  Na6  33. Kd4  Nb4  34. Be4  Ra1  35. Rb2  a5  36. Rb1  Ra3  37. g4  g5  38. Kc4  Kg7  39. Rf1  Na2  40. Nb5  Ra4+  41. Kd3  Nb4+  42. Ke3  Na6  43. Nd6  Ra3+  44. Kd4  Ra4+  45. Kc3  Nc5  46. Rxf7+  Kg8  47. Bxh7+  Kh8  48. Bc2  Ra3+  49. Kc4  Rxh3  50. Kxc5  Rc3+  51. Kd4  Rxc2  52. Ne4  Rg2  53. Nxg5  Rxg4+  54. Ne4  a4  55. Ra7  Rh4  56. Rxa4  Kg7  57. Ra1  Kf7  58. Ra7+  Kg6  59. Re7  Kf5  60. Rf7+  Kg4  61. Rf6  Rh8  62. Rxe6  Ra8  63. Rf6   1-0

[Event "2021 FIDE Online Olympiad"]
[Site "Chess.com"]
[Date "2021.09.04"]
[Round "7"]
[Board "3"]
[White "Zairbek kyzy, Begimai"]
[Black "Frayna, Janelle Mae"]
[Result "0-1"]
[WhiteElo "1649"]
[BlackElo "2102"]
[PlyCount "102"]
[EventDate "2021.09.02"]
[EventType "team"]
[EventRounds "9"]
[EventCountry "FID"]
[WhiteTeam "Kyrgyzstan"]
[BlackTeam "Philippines"]

1. e4  c6  2. Nf3  d5  3. e5  c5  4. d4  cxd4  5. Nxd4  Nc6  6. Bb5  Bd7  7. Bxc6  bxc6  8. O-O  e6  9. f4  c5  10. Ne2  Ne7  11. Ng3  g6  12. c4  Bg7  13. Nc3  Bc6  14. Qe2  O-O  15. Rd1  Qb6  16. b3  Rfd8  17. Bd2  Qb7  18. Rab1  a5  19. h4  h5  20. cxd5  Bxd5  21. Nxd5  Rxd5  22. Ne4  Nf5  23. Be1  Rd4  24. Rxd4  cxd4  25. Qd3  Qd5  26. Rc1  a4  27. Rc5  Qd8  28. b4  Bf8  29. Rc4  Rc8  30. Nf6+  Kg7  31. g4  hxg4  32. h5  Rxc4  33. Qxc4  d3  34. Bd2  Qd4+  35. Qxd4  Nxd4  36. Kf2  Nf3  37. Bc3  d2  38. Ke2  g3  39. h6+  Kh8  40. Bxd2  Nxd2  41. Ng4  Bxb4  42. a3  Ba5  43. Ne3  Ne4  44. Kf3  Nc5  45. Kxg3  Kh7  46. Nc4  Bc7  47. Kf3  Kxh6  48. Ke3  Nb3  49. Kd3  g5  50. fxg5+  Kxg5  51. Nd6  Bxd6   0-1

[Event "2021 FIDE Online Olympiad"]
[Site "Chess.com"]
[Date "2021.09.04"]
[Round "7"]
[Board "4"]
[White "Fronda, Jan Jodilyn"]
[Black "Samaganova, Alexandra"]
[Result "1-0"]
[WhiteElo "2045"]
[BlackElo "1948"]
[PlyCount "145"]
[EventDate "2021.09.02"]
[EventType "team"]
[EventRounds "9"]
[EventCountry "FID"]
[WhiteTeam "Philippines"]
[BlackTeam "Kyrgyzstan"]

1. e4  c5  2. c3  Nf6  3. e5  Nd5  4. Nf3  d6  5. exd6  e6  6. g3  Bxd6  7. Bg2  O-O  8. O-O  Nc6  9. d4  cxd4  10. Nxd4  a6  11. Nxc6  bxc6  12. c4  Ne7  13. Nc3  Bc5  14. Qh5  Bd4  15. Ne2  e5  16. Nxd4  Qxd4  17. Be3  Qxc4  18. Qxe5  Be6  19. Rfc1  Qb5  20. Rc5  Qa4  21. Bd4  Nf5  22. Bc3  Qg4  23. Rxc6  Ra7  24. Qc5  Rd7  25. h3  Rd1+  26. Rxd1  Qxd1+  27. Kh2  h5  28. Qe5  Re8  29. Qf4  Bd7  30. Rc7  Qd3  31. Qf3  Qd6  32. Qb7  Be6  33. Qc6  Qxc6  34. Rxc6  Bxa2  35. Rxa6  Bb1  36. Ra7  Rd8  37. b4  Bd3  38. Bf3  h4  39. g4  Nd4  40. Bxd4  Rxd4  41. Rb7  Bf1  42. Bg2  Be2  43. b5  Rb4  44. b6  g6  45. Bd5  Bc4  46. Bxc4  Rxc4  47. Rc7  Rb4  48. b7  Kg7  49. Kg2  Rb3  50. g5  Rb5  51. Kf3  Rb4  52. Rd7  Rb1  53. Kg4  Rb4+  54. f4  Rb1  55. Kxh4  Rb4  56. Kg4  Rb1  57. h4  Rg1+  58. Kf3  Rf1+  59. Ke4  Rb1  60. Kd5  Rb2  61. Kd6  Rb1  62. Kc7  Rc1+  63. Kd8  Rb1  64. Ke8  Re1+  65. Re7  Rb1  66. Rxf7+  Kg8  67. Rc7  Re1+  68. Kd7  Rb1  69. Kd6  Rb6+  70. Ke7  Rb1  71. Rc8+  Kh7  72. b8=Q  Re1+  73. Qe5   1-0

[Event "2021 FIDE Online Olympiad"]
[Site "Chess.com"]
[Date "2021.09.04"]
[Round "7"]
[Board "5"]
[White "Degenbaev, Aziz"]
[Black "Nouri, Alekhine"]
[Result "0-1"]
[WhiteElo "1795"]
[BlackElo "2082"]
[PlyCount "84"]
[EventDate "2021.09.02"]
[EventType "team"]
[EventRounds "9"]
[EventCountry "FID"]
[WhiteTeam "Kyrgyzstan"]
[BlackTeam "Philippines"]

1. e4  c5  2. Nf3  d6  3. d4  cxd4  4. Nxd4  Nf6  5. Nc3  a6  6. h3  e5  7. Nde2  h5  8. Be3  Be7  9. Qd2  Be6  10. a3  Nbd7  11. Ng3  Rc8  12. O-O-O  b5  13. f4  Qc7  14. Kb1  Nb6  15. Nf5  Bxf5  16. exf5  Nc4  17. Bxc4  Qxc4  18. g4  b4  19. axb4  Qxb4  20. fxe5  Rb8  21. b3  dxe5  22. g5  Rd8  23. Qg2  Qxc3  24. gxf6  gxf6  25. Rxd8+  Bxd8  26. Bd2  Qc8  27. Rd1  Be7  28. Ba5  Kf8  29. Rg1  Ke8  30. Qd5  Kf8  31. Qg2  Ke8  32. Rf1  h4  33. Rf3  Qc6  34. Qg4  Kf8  35. Rc3  Qd7  36. Ka2  Bd8  37. Rd3  Qb5  38. Bxd8  Rg8  39. Be7+  Kxe7  40. Qxg8  Qa5+  41. Kb2  e4  42. Qd8+  Qxd8   0-1

[Event "2021 FIDE Online Olympiad"]
[Site "Chess.com"]
[Date "2021.09.04"]
[Round "7"]
[Board "6"]
[White "Marticio, Jersey"]
[Black "Sovetbekova, Nurai"]
[Result "1-0"]
[WhiteElo "1255"]
[BlackElo "1541"]
[PlyCount "93"]
[EventDate "2021.09.02"]
[EventType "team"]
[EventRounds "9"]
[EventCountry "FID"]
[WhiteTeam "Philippines"]
[BlackTeam "Kyrgyzstan"]

1. e4  c5  2. Nf3  d6  3. d4  cxd4  4. Nxd4  Nf6  5. Nc3  a6  6. Be2  e6  7. Be3  b5  8. a3  Bb7  9. f3  Be7  10. Qd2  Nbd7  11. Nb3  d5  12. exd5  Nxd5  13. Nxd5  Bxd5  14. O-O  O-O  15. Rfd1  Qc7  16. a4  b4  17. Bf4  Qb7  18. a5  Rfd8  19. Qe1  Rac8  20. Bd3  Bf6  21. Qe2  Rc6  22. Rab1  Qc8  23. Qe1  Be7  24. Kh1  e5  25. Bxa6  Rxa6  26. Rxd5  Qxc2  27. Qd1  Qc7  28. Rc1  Rc6  29. Rxc6  Qxc6  30. Be3  f6  31. h3  Qc8  32. a6  Nb8  33. Bc5  Rxd5  34. Qxd5+  Kf8  35. a7  Nc6  36. Na5  Nxa7  37. Bxa7  Qc1+  38. Kh2  Qf4+  39. Kh1  Qc1+  40. Bg1  Qxb2  41. Nc6  Qc3  42. Qe6  Bc5  43. Bxc5+  Qxc5  44. Qc8+  Kf7  45. Nd8+  Ke8  46. Qxc5  Kxd8  47. Qxb4   1-0

[Event "2021 FIDE Online Olympiad"]
[Site "Chess.com"]
[Date "2021.09.04"]
[Round "7"]
[Board "1"]
[White "Zeng, Chongsheng"]
[Black "Rahman, Ziaur"]
[Result "1/2-1/2"]
[WhiteElo "2499"]
[BlackElo "2537"]
[PlyCount "131"]
[EventDate "2021.09.02"]
[EventType "team"]
[EventRounds "9"]
[EventCountry "FID"]
[WhiteTeam "Shenzhen China"]
[BlackTeam "Bangladesh"]

1. e4  c6  2. d4  d5  3. Nd2  dxe4  4. Nxe4  Nf6  5. Qd3  Nbd7  6. Nf3  Nxe4  7. Qxe4  Nf6  8. Qh4  Bf5  9. c3  e6  10. Ne5  Be7  11. Qg3  O-O  12. Be2  c5  13. Bh6  Bg6  14. Nxg6  hxg6  15. Be3  Rc8  16. O-O  Nd5  17. dxc5  Nxe3  18. Qxe3  Bxc5  19. Qe4  Qb6  20. Qc2  Rfd8  21. Rad1  Rxd1  22. Bxd1  Rd8  23. Bf3  a5  24. g3  Rd7  25. Kg2  Qd8  26. Rd1  Rxd1  27. Qxd1  Qxd1  28. Bxd1  Kf8  29. f4  Ke7  30. Kf3  Kd6  31. a3  e5  32. b4  axb4  33. axb4  Bg1  34. h4  exf4  35. gxf4  b6  36. Bb3  Ke7  37. Bd5  f6  38. Ba2  g5  39. hxg5  fxg5  40. fxg5  Kd6  41. Ke4  Bf2  42. g6  Be1  43. Kd4  Kc7  44. Bb1  Bd2  45. Bd3  Be1  46. Kc4  Bd2  47. Kb3  Be1  48. c4  Bd2  49. Be4  Be1  50. Ka4  Bd2  51. Kb5  Be1  52. c5  bxc5  53. bxc5  Bd2  54. Kc4  Be1  55. Kd5  Bd2  56. Ke6  Bb4  57. c6  Bc3  58. Kf7  Bb2  59. Kg8  Bc3  60. Kh7  Bb2  61. Kg8  Bc3  62. Kh8  Bb2  63. Kh7  Bc3  64. Kh8  Bb2  65. Kh7  Bc3  66. Kh8   1/2-1/2

[Event "2021 FIDE Online Olympiad"]
[Site "Chess.com"]
[Date "2021.09.04"]
[Round "7"]
[Board "2"]
[White "Reefat, Bin-Sattar"]
[Black "Yu, Ruiyuan"]
[Result "0-1"]
[WhiteElo "2415"]
[BlackElo "2506"]
[PlyCount "118"]
[EventDate "2021.09.02"]
[EventType "team"]
[EventRounds "9"]
[EventCountry "FID"]
[WhiteTeam "Bangladesh"]
[BlackTeam "Shenzhen China"]

1. e4  d5  2. exd5  Qxd5  3. Nc3  Qa5  4. d4  Nf6  5. Bc4  c6  6. Nf3  Bf5  7. Ne5  e6  8. g4  Bg6  9. h4  Nbd7  10. Nxd7  Nxd7  11. h5  Be4  12. O-O  Bd5  13. Bd3  Bd6  14. f4  O-O-O  15. a3  Qb6  16. Be3  c5  17. Na4  Qc6  18. c4  Be4  19. Bxe4  Qxe4  20. Qf3  Qxf3  21. Rxf3  b6  22. dxc5  Nxc5  23. Nc3  Be7  24. f5  Nd3  25. fxe6  fxe6  26. Rf7  Rd7  27. Rxg7  Bc5  28. Rxd7  Bxe3+  29. Kg2  Kxd7  30. Rd1  Ke7  31. Rxd3  Bc1  32. b3  Bxa3  33. Nb5  Bc5  34. Nxa7  Kf6  35. Nc6  Rc8  36. Rf3+  Kg5  37. Ne5  Bd4  38. Nf7+  Kxg4  39. h6  Ra8  40. Rg3+  Kh5  41. Rg5+  Kh4  42. Kf3  Bf6  43. Rb5  Rf8  44. Rxb6  Rxf7  45. Rxe6  Kg5  46. Ke4  Rb7  47. c5  Rxb3  48. c6  Rc3  49. Kd5  Bd8  50. Kd4  Rc1  51. Kd5  Bb6  52. Kd6  Rd1+  53. Ke7  Rh1  54. Re5+  Kxh6  55. Rb5  Bc7  56. Kd7  Bg3  57. Rc5  Rd1+  58. Ke8  Bc7  59. Rb5  Rd6   0-1

[Event "2021 FIDE Online Olympiad"]
[Site "Chess.com"]
[Date "2021.09.04"]
[Round "7"]
[Board "3"]
[White "Zhao, Xue"]
[Black "Sultana, Sharmin Shirin"]
[Result "1-0"]
[WhiteElo "2442"]
[BlackElo "2084"]
[PlyCount "157"]
[EventDate "2021.09.02"]
[EventType "team"]
[EventRounds "9"]
[EventCountry "FID"]
[WhiteTeam "Shenzhen China"]
[BlackTeam "Bangladesh"]

1. e4  c5  2. Nf3  e6  3. d4  cxd4  4. Nxd4  a6  5. Nc3  Qc7  6. Be3  Nf6  7. Bd3  b5  8. f4  Bb7  9. e5  Nd5  10. Nxd5  Bxd5  11. Qe2  Nc6  12. a4  Nxd4  13. Bxd4  b4  14. a5  Bc5  15. Bxc5  Qxc5  16. Qf2  Qc6  17. O-O  O-O  18. Rfe1  f5  19. Re2  Rab8  20. Qd4  Rfc8  21. b3  Rc7  22. Ra4  Qc5  23. Qxc5  Rxc5  24. Ra2  Bb7  25. Kf2  Rbc8  26. Ke3  Rd5  27. Ra4  Bc6  28. Ra2  Bb5  29. Bxb5  Rxb5  30. Rd2  Rc7  31. Rd6  Rbc5  32. Kd2  R5c6  33. Rxc6  Rxc6  34. Ra4  Rc5  35. Rxb4  Rxa5  36. Rd4  Rd5  37. Rxd5  exd5  38. Kc3  Kf7  39. Kb4  Ke6  40. Ka5  d6  41. exd6  Kxd6  42. Kxa6  Kc5  43. Ka5  Kd4  44. b4  Kc3  45. b5  Kxc2  46. b6  d4  47. b7  d3  48. b8=Q  d2  49. Qc7+  Kd3  50. Qd6+  Ke2  51. Qe5+  Kf2  52. Qc5+  Ke2  53. Qc4+  Ke1  54. Qc3  Ke2  55. Qb2  Ke1  56. Qxg7  d1=Q  57. Qe5+  Kf2  58. Qxf5  Qd2+  59. Kb6  Qb2+  60. Kc6  Kxg2  61. h3  Qc1+  62. Kd6  Qa3+  63. Ke6  Qa6+  64. Kf7  Qc4+  65. Kg7  Qc7+  66. Kh6  Kg3  67. Qg4+  Kf2  68. f5  Qf7  69. Qg5  Kf3  70. f6  Ke4  71. h4  Qf8+  72. Kxh7  Qf7+  73. Kh6  Qf8+  74. Qg7  Qd6  75. Kh7  Qf4  76. f7  Qxh4+  77. Kg8  Qe7  78. Qg6+  Kd5  79. f8=Q   1-0

[Event "2021 FIDE Online Olympiad"]
[Site "Chess.com"]
[Date "2021.09.04"]
[Round "7"]
[Board "4"]
[White "Ahmed, Walijah"]
[Black "Xu, Tong"]
[Result "0-1"]
[WhiteElo "1724"]
[BlackElo "2111"]
[PlyCount "96"]
[EventDate "2021.09.02"]
[EventType "team"]
[EventRounds "9"]
[EventCountry "FID"]
[WhiteTeam "Bangladesh"]
[BlackTeam "Shenzhen China"]

1. e4  c5  2. Nf3  Nc6  3. d4  cxd4  4. Nxd4  g6  5. c4  Bg7  6. Be3  d6  7. Nc3  Nf6  8. Be2  O-O  9. O-O  Bd7  10. Nc2  Rc8  11. Rc1  a6  12. b3  Be6  13. f4  Qa5  14. Nd4  Nxd4  15. Bxd4  b5  16. Nd5  Bxd5  17. exd5  bxc4  18. bxc4  Rc7  19. Rb1  Nd7  20. Bxg7  Kxg7  21. Qd4+  Nf6  22. Rb2  Rfc8  23. Rfb1  Qc5  24. Qxc5  Rxc5  25. Rb7  Kf8  26. Kf2  Ra5  27. R1b2  Ne4+  28. Ke3  Nc5  29. R7b6  Kg7  30. Bg4  Rc7  31. Rc6  Ra7  32. Bd1  Ra3+  33. Bb3  a5  34. Kd4  Rb7  35. Re2  a4  36. Bc2  Rxa2  37. Bd3  Rxe2  38. Bxe2  a3  39. Rc8  a2  40. Ra8  a1=Q+  41. Rxa1  Nb3+  42. Kc3  Nxa1  43. Bd1  Rb1  44. Ba4  Rg1  45. Kb2  Rxg2+  46. Kxa1  Rxh2  47. Bb5  Rf2  48. Kb1  Rxf4   0-1

[Event "2021 FIDE Online Olympiad"]
[Site "Chess.com"]
[Date "2021.09.04"]
[Round "7"]
[Board "5"]
[White "Xue, Haowen"]
[Black "Mohammad Fahad, Rahman"]
[Result "0-1"]
[WhiteElo "2128"]
[BlackElo "2287"]
[PlyCount "92"]
[EventDate "2021.09.02"]
[EventType "team"]
[EventRounds "9"]
[EventCountry "FID"]
[WhiteTeam "Shenzhen China"]
[BlackTeam "Bangladesh"]

1. d4  d5  2. c4  c6  3. Nc3  Nf6  4. Nf3  e6  5. Bg5  dxc4  6. e4  b5  7. e5  h6  8. Bh4  g5  9. Nxg5  hxg5  10. Bxg5  Nbd7  11. g3  Bb7  12. Bg2  Qb6  13. exf6  c5  14. d5  O-O-O  15. O-O  b4  16. Na4  Qa6  17. a3  Bxd5  18. Bxd5  Ne5  19. Nxc5  Bxc5  20. axb4  Bxf2+  21. Rxf2  Rxd5  22. Qf1  Qc6  23. Be3  Ng4  24. Bxa7  Nxf2  25. Bxf2  Rxh2  26. Kxh2  Rh5+  27. Qh3  Rxh3+  28. Kxh3  Qf3  29. Bc5  Qxf6  30. Ra8+  Kb7  31. Ra7+  Kb8  32. Kg4  Qg6+  33. Kf4  Qf5+  34. Ke3  Qe5+  35. Kf3  f5  36. Re7  Qxb2  37. Bd6+  Kc8  38. Rxe6  Kd7  39. Rg6  Qc3+  40. Kg2  Qd2+  41. Kf3  Qd3+  42. Kf2  f4  43. Rf6  Qxg3+  44. Ke2  Qe3+  45. Kf1  Qc1+  46. Kf2  Qb2+   0-1

[Event "2021 FIDE Online Olympiad"]
[Site "Chess.com"]
[Date "2021.09.04"]
[Round "7"]
[Board "6"]
[White "Noshin, Anjum"]
[Black "Li, Xinyu"]
[Result "0-1"]
[WhiteElo "1808"]
[BlackElo "2167"]
[PlyCount "94"]
[EventDate "2021.09.02"]
[EventType "team"]
[EventRounds "9"]
[EventCountry "FID"]
[WhiteTeam "Bangladesh"]
[BlackTeam "Shenzhen China"]

1. e4  c5  2. Nf3  d6  3. d4  cxd4  4. Nxd4  Nf6  5. Nc3  a6  6. f3  e5  7. Nb3  Be6  8. Be3  h5  9. Qd2  Nbd7  10. Nd5  Bxd5  11. exd5  g6  12. Be2  Bg7  13. c4  b6  14. O-O  O-O  15. Rae1  Re8  16. Bg5  Qc7  17. Bd3  Nh7  18. Bh6  b5  19. cxb5  axb5  20. a3  Nc5  21. Nxc5  Qxc5+  22. Be3  Qxd5  23. Bxg6  Qxd2  24. Bxh7+  Kxh7  25. Bxd2  d5  26. Bc3  Rac8  27. Re2  d4  28. Bb4  f5  29. Rfe1  Re6  30. g3  Rce8  31. Rc2  e4  32. fxe4  fxe4  33. Rc5  Kg6  34. Rxb5  d3  35. Rd5  Bxb2  36. h4  Bf6  37. Kg2  Re5  38. Rxe5  Rxe5  39. Kf2  Re8  40. Ke3  Bg7  41. Rf1  Bh6+  42. Kd4  d2  43. Bxd2  Bxd2  44. Rf2  e3  45. Re2  Kf5  46. Kd3  Kg4  47. a4  Kf3   0-1